000 00907nam a22001457a 4500
020 _a978-93-81318-93
082 _a894.812.3
_bRAV/P
100 _aRAVI VARMA, MOHANA
245 _aPINVILI
260 _aTHRISSUR
_bH & C
_c2012
300 _a144
520 _aമന്ത്രവാദത്തിന്റെയും ആഭിചാരത്തിന്റെയും നിഗൂഢവും അശാന്തവുമായ നിഴൽവഴികളിലൂടെ ഒരു പ്രയാണം. ഇരുൾ പുതഞ്ഞ മനസ്സിന്റെ കോണുകളിലെവിടെയോ കനൽക്കണ്ണുകൾപോലെ മിന്നിയും മറഞ്ഞും നിലകൊള്ളുന്ന ഭയാശങ്കകളെ ഉച്ചാടനംചെയ്യാൻ ഒരു ശ്രമം.
650 _aMALAYALAM NOVEL
_zKERALA
942 _cBK
999 _c7904
_d7904